000 01298nam a2200217 a 4500
003 KPN
005 20260427120826.0
008 20260427b 00| 0 eng d
020 _a9780099564638
_cRM31.90
_qpaperback
040 _cKPN
082 0 4 _aBI FD SIL 2011
_223
090 2 0 _bBI FD SIL 2011
100 1 _aSilver, Amy
245 1 0 _aOne minute to midnight /
_cAmy Silver
260 _aLondon :
_bArrow Books,
_c2011
300 _a407 pages ;
_c20cm.
521 _aFor many years, beginning when she was thirteen, Nicole Blake spent every new year with her three friends: Julian, her first love, Alex, her best friend, and Aidan, her obsession. Together the four had partied hard, suppported each other, and fallen in love. But then tragedy and betrayal tore the friends apart, and Nicole settled down to married life with Dom in London. But in the week running up to New Year's Eve 2011, Nicole and Dom are preparing for a trip to New York to meet up with Aidan and Alex for the first time in years. But with so much left unsaid and unresolved between them all, can they really return to their old friendship? And if they do, Nicole isn't sure she'll ever want to come home again.
650 1 0 _aWomen in the mass media industry
_vFiction
650 2 0 _aInterpersonal relations
_vFiction
942 _2ddc
_c1
_n0
999 _c1833
_d1833